Logo BPK

Biblioteka

Politechniki Koszalińskiej

Synurbizacja sroki Pica pica w Eurazji : (Rekord nr 42634)

Szczegóły MARC
000 -ETYKIETA REKORDU
podpole kontrolne o stałej długości 00958nam a2200277 i 4500
001 - NUMER KONTROLNY REKORDU
pole kontrolne bg
020 ## - MIĘDZYNARODOWY ZNORMALIZOWANY NUMER KSIĄŻKI - ISBN
ISBN 8389044358
040 ## - ŹRÓDŁO KATALOGOWANIA
Instytucja, która utworzyła rekord BPK
041 0# - KOD JĘZYKA
Kod języka tekstu pol
Kod języka streszczenia lub abstraktu eng
080 ## - UNIWERSALNA KLASYFIKACJA DZIESIĘTNA - UKD
UKD 598.2-15:504](4/5-21)
920 ## - Międzynarodowy znormalizowany numer książki – ISBN
ISBN 83-89044-35-8
008 - POLE O STAŁEJ DŁUGOŚCI - DANE KONTROLNE
podpole kontrolne o stałej długości s pl f |000 0 pol
100 1# - NAZWA OSOBOWA
Nazwa osobowa JERZAK, Leszek
245 10 - TYTUŁ/ODPOWIEDZIALNOŚĆ
Tytuł Synurbizacja sroki Pica pica w Eurazji :
Ciąg dalszy tytułu (badania na ziemi lubuskiej i stan w Eurazji) : monografia /
Pozostałe elementy strefy tytułu i oznaczenia odpowiedzialności Leszek Jerzak ; Uniwersytet Zielonogórski. Szkoła Nauk Technicznych.
260 ## - STREFA ADRESU WYDAWNICZEGO
Miejsce wydania Zielona Góra :
Nazwa wydawcy/dystrybutora Redakcja Wydawnictw Naukowo-Technicznych,
Data publikacji, dystrybucji/powstania dokumentu 2002.
300 ## - STREFA OPISU FIZYCZNEGO
Objętość 114 s. :
Inne cechy fizyczne il., mapy ;
Rozmiary 24 cm.
500 ## - UWAGI OGÓLNE
Tekst uwagi Streszcz. ang.
504 ## - UWAGA DOTYCZĄCA BIBLIOGRAFII
Informacje o bibliografii Bibliogr.
650 #9 - HASŁO PRZEDMIOTOWE W FORMIE NAZWY OGÓLNEJ LUB JEDNOSTKOWEJ
Nazwa ogólna lub geograficzna Sroka
Określnik ogólny ekologia
Określnik geograficzny Azja
650 #9 - HASŁO PRZEDMIOTOWE W FORMIE NAZWY OGÓLNEJ LUB JEDNOSTKOWEJ
Nazwa ogólna lub geograficzna Sroka
Określnik ogólny ekologia
Określnik geograficzny Europa
650 #9 - HASŁO PRZEDMIOTOWE W FORMIE NAZWY OGÓLNEJ LUB JEDNOSTKOWEJ
Nazwa ogólna lub geograficzna Miasta
Określnik ogólny fauna
Określnik geograficzny Azja
650 #9 - HASŁO PRZEDMIOTOWE W FORMIE NAZWY OGÓLNEJ LUB JEDNOSTKOWEJ
Nazwa ogólna lub geograficzna Miasta
Określnik ogólny fauna
Określnik geograficzny Europa
651 #9 - HASŁO PRZEDMIOTOWE W FORMIE NAZWY GEOGRAFICZNEJ
Nazwa geograficzna Lubuska, Ziemia
Określnik ogólny miasta
-- fauna
710 #0 - HASŁO DODATKOWE - NAZWA CIAŁA ZBIOROWEGO
Nazwa ciała zbiorowego lub jednostki geograficznej Uniwersytet Zielonogórski
Nazwa jednostki podrzędnej Szkoła Nauk Technicznych
856 ## - LOKALIZACJA I DOSTĘP DO ELEKTRONICZNYCH DOKUMENTÓW ZDALNYCH
Link (URL) http://koha.tu.koszalin.pl/cgi-bin/koha/opac-detail.pl?biblionumber=42634
Tekst linku Katalog online BPK
942 ## - DODATKOWE ELEMENTY (KOHA)
Typ dokumentu Książka
Egzemplarze
Wycofany Status egzemplarza Uszkodzony Dostępność Lokalizacja stała Lokalizacja bieżąca Miejsce przechowywania Sygnatura Kod kreskowy Typ dokumentu
      Dostępny Biblioteka Politechniki Koszalińskiej Biblioteka Politechniki Koszalińskiej Wypożyczalnia BG 67025 01919103 Książka
© 2023 Biblioteka Politechniki Koszalińskiej :: KOHA